|
|
|
|
| LEADER |
00000cam a2200000 7i4500 |
| 001 |
0000002644 |
| 005 |
20030903.0 |
| 090 |
0 |
0 |
|a 572.362072
|b FRI 1977
|
| 100 |
1 |
0 |
|a FRIEDRICHSEN
|h J.
|
| 245 |
1 |
0 |
|a Manual of laboratory methods of plant and soil analysis
|c compiled by J. Friedrichsen and K. Wolpers
|
| 260 |
0 |
0 |
|a Pematang Siantar, Indonesia :
|b Marihat Research Station ,
|c 1977
|
| 300 |
|
|
|a v, 131 p. ;
|c 30 cm.
|
| 500 |
0 |
0 |
|a Bibliography : p. 131
|
| 650 |
0 |
0 |
|a Plants
|x Analysis
|x Laboratory manuals
|
| 650 |
0 |
0 |
|a Soils
|x Analysis
|x Laboratory manuals
|
| 700 |
0 |
1 |
|a Wolpers
|h K.
|
| 998 |
|
|
|a JPSM
|
| 999 |
|
|
|a 0000004026
|b Monograph
|c Open Shelf
|e Default branch
|